[Event "Policka op"]
[Site "Policka"]
[Date "2015.07.11"]
[Round "9"]
[White "Pascenko, Jaromir"]
[Black "Tuma, Jan"]
[Result "0-1"]
[WhiteElo "2096"]
[BlackElo "2141"]
[PlyCount "68"]
[EventDate "2015.07.04"]
[EventType "swiss"]
[EventRounds "9"]
[EventCountry "CZE"]
[SourceTitle "CBM 167 Extra"]
[Source "ChessBase"]
[SourceDate "2015.09.14"]
[SourceVersion "1"]
[SourceVersionDate "2015.09.14"]
[SourceQuality "1"]

1. d4 b5 2. e4 Bb7 3. Nd2 Nf6 4. Bd3 e6 5. Ngf3 a6 6. a4 b4 7. c4 c5 8. e5 Ng4 9. h3 Nh6 10. Ne4 cxd4 11. Bxh6 gxh6 12. Nf6+ Ke7 13. Qd2 Qa5 14. Qf4 Bxf3 15. gxf3 Nc6 16. Nd5+ Ke8 17. Qf6 Rg8 18. Bxh7 Rg7 19. Be4 exd5 20. Bxd5 Rc8 21. Kf1 Ne7 22. Be4 Rxc4 23. b3 Rc5 24. f4 Ng8 25. Qf5 Qc7 26. Ke2 Ne7 27. Qf6 d3+ 28. Bxd3 Nd5 29. Qf5 Nc3+ 30. Kd2 Rg2 31. Rhf1 Qc6 32. Qh5 Qd5 33. Ke3 Qxb3 34. Rab1 Nd5+ 0-1

[Event "CZE-chT2D 1415"]
[Site "Czech Republic"]
[Date "2014.11.16"]
[Round "2.6"]
[White "Pascenko, Jaromir"]
[Black "Dolezel, Jaromir"]
[Result "1-0"]
[WhiteElo "2097"]
[BlackElo "2042"]
[PlyCount "107"]
[EventDate "2014.11.02"]
[EventType "team-tourn"]
[EventRounds "11"]
[EventCountry "CZE"]
[SourceTitle "EXT 2022"]
[Source "ChessBase"]
[SourceDate "2021.10.06"]
[SourceVersion "1"]
[SourceVersionDate "2021.10.06"]
[SourceQuality "1"]
[WhiteTeam "Policka Stefanydes"]
[BlackTeam "Zabreh"]
[WhiteTeamCountry "CZE"]
[BlackTeamCountry "CZE"]

1. e4 c5 2. Nf3 d6 3. d4 cxd4 4. Nxd4 Nf6 5. Nc3 a6 6. Be2 e6 7. 0-0 Be7 8. Be3 0-0 9. a4 Nc6 10. f4 Qc7 11. Nb3 b6 12. Bf3 Bb7 13. Qe2 Nb4 14. a5 b5 15. Bb6 Qc4 16. Qf2 Nxc2 17. Qxc2 b4 18. e5 Nd5 19. Nxd5 Qxc2 20. Nxe7+ Kh8 21. Bxb7 Rab8 22. Nd4 Qxb2 23. Rab1 Qc3 24. Rf3 Qc4 25. Bxa6 Qxa6 26. exd6 Rxb6 27. axb6 Qxb6 28. Nec6 Qb7 29. Rxb4 Qd7 30. Rfb3 g5 31. Rb8 Qxd6 32. Rxf8+ Kg7 33. Rd8 Qxf4 34. Rf3 Qc1+ 35. Rf1 Qe3+ 36. Kh1 Kg6 37. Rd7 f6 38. Ne7+ Kh5 39. Ng8 Qd3 40. Nxf6+ Kg6 41. Kg1 Qe3+ 42. Kh1 Qd3 43. Re1 Qc3 44. Nf3 Kxf6 45. Rd6 g4 46. Rdxe6+ Kg7 47. Re7+ Kf6 48. R1e6+ Kf5 49. Nh4+ Kg5 50. Re5+ Kf6 51. R7e6+ Kf7 52. Nf5 Qd3 53. Nh6+ Kg7 54. Rg5+ 1-0

[Event "CZE-chT2D 1314"]
[Site "Czech Republic"]
[Date "2014.03.02"]
[Round "9.5"]
[White "Belousek, Michal"]
[Black "Pascenko, Jaromir"]
[Result "1/2-1/2"]
[WhiteElo "2076"]
[BlackElo "2108"]
[PlyCount "24"]
[EventDate "2013.11.03"]
[EventType "team-tourn"]
[EventRounds "11"]
[EventCountry "CZE"]
[SourceTitle "EXT 2016"]
[Source "ChessBase"]
[SourceDate "2015.10.08"]
[SourceVersion "1"]
[SourceVersionDate "2015.10.08"]
[SourceQuality "1"]
[WhiteTeam "Havlickuv Brod"]
[BlackTeam "Policka"]
[WhiteTeamCountry "CZE"]
[BlackTeamCountry "CZE"]

1. d4 Nf6 2. Nf3 g6 3. g3 Bg7 4. Bg2 0-0 5. 0-0 d6 6. c4 c6 7. Nc3 Qa5 8. h3 Nbd7 9. Bd2 Qc7 10. e4 Rb8 11. Re1 e5 12. Be3 a6 1/2-1/2

[Event "CZE-chT2D 1314"]
[Site "Czech Republic"]
[Date "2014.02.02"]
[Round "7.5"]
[White "Vacek, Martin"]
[Black "Pascenko, Jaromir"]
[Result "1-0"]
[WhiteElo "2231"]
[BlackElo "2108"]
[PlyCount "137"]
[EventDate "2013.11.03"]
[EventType "team-tourn"]
[EventRounds "11"]
[EventCountry "CZE"]
[SourceTitle "EXT 2016"]
[Source "ChessBase"]
[SourceDate "2015.10.08"]
[SourceVersion "1"]
[SourceVersionDate "2015.10.08"]
[SourceQuality "1"]
[WhiteTeam "Lipa"]
[BlackTeam "Policka"]
[WhiteTeamCountry "CZE"]
[BlackTeamCountry "CZE"]

1. d4 Nf6 2. f4 d5 3. e3 g6 4. Nf3 Bg4 5. h3 Bxf3 6. Qxf3 Bg7 7. Bd3 0-0 8. Nd2 c6 9. g4 e6 10. Nf1 Ne8 11. h4 f5 12. Ng3 Nf6 13. g5 Ne8 14. Bd2 Nd7 15. h5 Rf7 16. Qg2 a5 17. c4 Qb6 18. cxd5 cxd5 19. Bc3 Nd6 20. Qh2 Nf8 21. Qe2 Nd7 22. Qh2 Nf8 23. h6 Bh8 24. 0-0 Rc7 25. Rfc1 Nf7 26. Kh1 Rac8 27. Qd2 Nd6 28. Ne2 a4 29. Ba5 Rxc1+ 30. Rxc1 Rxc1+ 31. Nxc1 Qc6 32. b3 axb3 33. axb3 Nc4 34. bxc4 dxc4+ 35. Kg1 cxd3 36. Nxd3 Qf3 37. Nf2 Qc6 38. Bb4 Nd7 39. Qa2 Qc1+ 40. Kg2 Qc6+ 41. Kg3 b6 42. Qa3 Kf7 43. Qc3 Qb7 44. Qc4 b5 45. Qc1 Ke8 46. Nd3 Kd8 47. Kf2 Qa6 48. Qc2 Qa8 49. Nc5 Qc6 50. Qc1 Ke8 51. Nd3 Qb7 52. Bd6 Kd8 53. Qc3 Ke8 54. Nb4 Bf6 55. Nc6 Bd8 56. Qb3 Nf8 57. Nxd8 Kxd8 58. Bxf8 Qc6 59. Qb1 Qc4 60. Bb4 Kd7 61. Bd2 Kd6 62. Qa1 Qd3 63. Qa6+ Kd5 64. Qb7+ Kc4 65. Qc6+ Kb3 66. Qxe6+ Kb2 67. Ke1 Qb1+ 68. Ke2 Qg1 69. Qc6 1-0

[Event "CZE-chT2D 1314"]
[Site "Czech Republic"]
[Date "2014.01.19"]
[Round "6.3"]
[White "Pascenko, Jaromir"]
[Black "Schula, Michal"]
[Result "1-0"]
[WhiteElo "2108"]
[BlackElo "2274"]
[PlyCount "137"]
[EventDate "2013.11.03"]
[EventType "team-tourn"]
[EventRounds "11"]
[EventCountry "CZE"]
[SourceTitle "EXT 2016"]
[Source "ChessBase"]
[SourceDate "2015.10.08"]
[SourceVersion "1"]
[SourceVersionDate "2015.10.08"]
[SourceQuality "1"]
[WhiteTeam "Policka"]
[BlackTeam "Jicin II"]
[WhiteTeamCountry "CZE"]
[BlackTeamCountry "CZE"]

1. d4 f5 2. Nf3 Nf6 3. g3 g6 4. Bg2 Bg7 5. 0-0 0-0 6. c4 d6 7. Nc3 Qe8 8. b3 Na6 9. Bb2 c6 10. d5 Bd7 11. Nd4 Nc5 12. b4 Nce4 13. Nxe4 Nxe4 14. Rb1 cxd5 15. cxd5 Qf7 16. f3 Nf6 17. e4 f4 18. g4 e6 19. dxe6 Bxe6 20. Nxe6 Qxe6 21. Rf2 Rad8 22. Rd2 Ne8 23. Bf1 Bxb2 24. Rbxb2 a6 25. b5 axb5 26. Rxb5 Rd7 27. Rd4 Kh8 28. Bc4 Qe7 29. Qa1 Qg7 30. g5 Rc7 31. Qb2 Rc5 32. Qd2 Qe5 33. Rd5 Qa1+ 34. Bf1 Rxb5 35. Rxb5 Rf7 36. Qd5 Qg7 37. Rb4 Re7 38. Qd4 Qxd4+ 39. Rxd4 Re5 40. h4 b5 41. Kh2 h6 42. gxh6 Kh7 43. Kh3 Kxh6 44. Kg4 Rh5 45. Kxf4 Rxh4+ 46. Kg3 Rh5 47. Bh3 Rc5 48. Bd7 Nf6 49. Rxd6 Nxd7 50. Rxd7 Rc2 51. Rb7 Rxa2 52. Rxb5 Kg7 53. Kg4 Ra3 54. Kf4 Kf6 55. e5+ Kf7 56. Rb7+ Kf8 57. Kg4 Ra1 58. Kg5 Ra6 59. f4 Rc6 60. Rd7 Ra6 61. Rd6 Ra1 62. Rxg6 Ke7 63. Rb6 Re1 64. Kf5 Rf1 65. Rb7+ Kf8 66. e6 Ke8 67. Ke5 Rf2 68. f5 Rh2 69. Rb8+ 1-0